00534nam a2200169Ia 4500082001200000100001900012245008400031260003900115300002200154650001800176650002300194650002500217650002000242650004400262650004300306710001500349 aTJ.0211 aJoginder Singh 0aSocio-economic analysis of the problem of non-recovery of bank loans to farmers c1999bMaharshi Dayanand University a198p. + C D - 42 aLOANS - INDIA aBANK LOANS - INDIA aBANK LOANS - HARYANA aLOANS - HARYANA aFARMERS SOCIO-ECONOMIC STATUS - HARYANA aFARMERS SOCIO-ECONOMIC STATUS - INDIA  aRana, A.S.